| 000 | 00511nam a2200181Ia 4500 | ||
|---|---|---|---|
| 008 | 240925s9999 xx 000 0 und d | ||
| 020 | _a9789350145463 | ||
| 082 | _a621.31042 GUP | ||
| 100 | _aGupta, Madhvi | ||
| 245 | 0 | _aInstallation, Maintenance and Repair of Electrical Machines and Equipments | |
| 250 | _aNA | ||
| 260 |
_aNew Delhi: _bS. K. Kataria _c,2009. |
||
| 300 |
_a374p. _bN.A _fOriginal |
||
| 500 | _aIncludes Index | ||
| 600 | _aElectrical Engineering | ||
| 650 | _aTechnology | ||
| 942 | _cBK | ||
| 999 |
_c13390 _d13390 |
||